| 000 | 00771nmc a2200289 a 4500 | ||
|---|---|---|---|
| 003 | AR-BaBNM | ||
| 005 | 20251128210706.0 | ||
| 008 | 210120s2003 ||||||||||||||000 | spa|| | ||
| 020 | _a950-892-092-0 | ||
| 040 | _cAR-BaBNM | ||
| 245 | 1 | 0 |
_aPisa pisuela color de ciruela _bpoesía de tradición oral |
| 250 | _a2ª ed. | ||
| 260 |
_aBuenos Aires _bLugar Editorial _c2003 |
||
| 300 |
_a143 p. _bil. |
||
| 490 | 0 | _aLeer y contar | |
| 650 | 4 | _aLITERATURA POPULAR | |
| 650 | 4 | _aANTOLOGIAS | |
| 650 | 4 | _aTRADICION ORAL | |
| 650 | 4 | _aLITERATURA FOLKLORICA | |
| 650 | 4 | _aLITERATURA INFANTIL | |
| 650 | 4 | _aPOESIA | |
| 655 | _aLITERATURA | ||
| 700 | 1 |
_aItzcovich, Susana _ecompilador |
|
| 700 | 1 |
_aRoldán, Julián _eilustrador |
|
| 942 | _cBK | ||
| 998 | _cMARTIN | ||
| 999 |
_c16464 _d16464 |
||